00989cam a22002297a 450000100100000000500170001000800410002704000300006808200190009810000430011724501100016026000790027030000190034949000600036865000280042865000320045670000360048883000670052491000340059195201170062599900170074200001801420200929165322.0820911s1979 pn 000 0 spa  aDO-SdBNPcDLCdDLCdBNPHU aP862.44bA662p1 aArango, Alfredo Alberto,d1945-93905810aPepita de Marañón :b(es mas, el dia de la lata) /cAlfredo Alberto Arango , Edgar Soberón Torchia. aRepública de Panamá :bEdiciones Instituto Nacional de Cultura,c1979. a33 p. ; 21 cm.1 aColeccion Premio "Ricardo Miro." Seccion teatro ;v1978 4aTeatro panameño95455 4aLiteratura panameña942611 aSoberón Torchia, Edgar939059 0aColeccion Premio "Ricardo Miro." Seccion teatro ;n1978939060 aCatalogación por copia / LC 001050718MOaGRbGRcCTd2010-04-09iLF1l0oP862.44 A662pp18014-10r2020-06-25w2020-06-25y1ZNo se presta c17536d17536